Estampas virreinales (Record no. 5761)

MARC details
000 -CABECERA
campo de control de longitud fija 00815nam a2200217 a 4500
001 - NÚMERO DE CONTROL
campo de control BRCA_6074
005 - FECHA Y HORA DE LA ÚLTIMA TRANSACCIÓN
campo de control 20190320205325.0
008 - DATOS DE LONGITUD FIJA--INFORMACIÓN GENERAL
campo de control de longitud fija 120608s2000----mx-a---###---#000-0#spa-#
050 #4 - SIGNATURA TOPOGRÁFICA DE LA BIBLIOTECA DEL CONGRESO
Número de clasificación F1386.2
Número de documento/Ítem .S65 2000
100 1# - ENTRADA PRINCIPAL--NOMBRE DE PERSONA
Nombre de persona Solé Peñalosa, Guillermina
9 (RLIN) 15350
245 10 - MENCIÓN DE TÍTULO
Título Estampas virreinales
Resto del título el traje civil y las artes aplicadas en la vida cotidiana de la Ciudad de México en el siglo XVIII.
260 ## - PUBLICACIÓN, DISTRIBUCIÓN, ETC.
Lugar de publicación, distribución, etc. Ciudad de México
Fecha de publicación, distribución, etc. 2000
300 ## - DESCRIPCIÓN FÍSICA
Extensión 146 p.
Otras características físicas il., 13 láminas
502 ## - NOTA DE TESIS
Nota de tesis Tesis Licenciatura (Licenciado en Historia) Instituto Cultural Helénico
650 14 - PUNTO DE ACCESO ADICIONAL DE MATERIA--TÉRMINO DE MATERIA
Término de materia o nombre geográfico como elemento de entrada Ropa y vestidos
Subdivisión cronológica Siglo XVIII
Subdivisión geográfica Ciudad de México
9 (RLIN) 15351
651 #4 - PUNTO DE ACCESO ADICIONAL DE MATERIA--NOMBRE GEOGRÁFICO
Nombre geográfico Ciudad de México
Subdivisión general Vida social y costumbres
9 (RLIN) 15352
653 0# - TÉRMINO DE INDIZACIÓN--NO CONTROLADO
Término no controlado Vida cotidiana
700 1# - PUNTO DE ACCESO ADICIONAL--NOMBRE DE PERSONA
Nombre de persona Grajales, Manuel
Término indicativo de función/relación asesor
9 (RLIN) 15353
902 ## - CATALOGADOR
Iniciales TES
942 ## - ELEMENTOS DE PUNTO DE ACCESO ADICIONAL (KOHA)
Fuente del sistema de clasificación o colocación Library of Congress Classification
Tipo de ítem Koha Tesis
Holdings
Estado de retiro Estado de pérdida Estado dañado No para préstamo Localización permanente Ubicación/localización actual Fecha de adquisición Total de préstamos Signatura topográfica completa Código de barras Fecha visto por última vez Precio válido a partir de Tipo de ítem Koha
El ejemplar forma parte de la colección y puede ser consultado según las políticas vigentes.       Biblioteca del Museo Franz Mayer (Rogerio Casas-Alatriste) Biblioteca del Museo Franz Mayer (Rogerio Casas-Alatriste) 24/05/2011   F1386.2 .S65 2000 TES00040 22/03/2019 22/03/2019 Tesis